| 000 | 01110nam a22002177a 4500 | ||
|---|---|---|---|
| 999 |
_c56799 _d56799 |
||
| 003 | Ge_BSU | ||
| 005 | 20190430144821.0 | ||
| 008 | 190430b xxu||||| |||| 00| 0 geo d | ||
| 020 | _a9789941277917 | ||
| 041 | _ageo | ||
| 080 | _a349.2(479.22)(094.4) | ||
| 245 |
_a"შრომის კოდექსის კომენტარები" / _cრედ : პაატა ბელთაძე , რაისა ლიპარტელიანი. |
||
| 264 |
_aთბილისი : _bსამშობლო , _c2018. |
||
| 300 |
_a256 გვ ; _c20 სმ. |
||
| 653 | _aსაქართველოს შრომის კოდექსი | ||
| 653 | _aსამართალი | ||
| 700 |
_aბელთაძე , პაატა _eრედაქტორი _9528 |
||
| 700 |
_aლიპარტელიანი, რაისა _9529 _eრედაქტორი |
||
| 710 |
_eწიგნი გამოცემულია სოლიდარობის ცენტრის ფინანსური მხარდაჭერით _9530 |
||
| 942 |
_2udc _cBK |
||